In Their Element - Statistics

General Stats
  • This quiz has been taken 78 times
  • The average score is 6 of 15
Answer Stats
Hint Answer % Correct
Roman dictator, murdered on the Ides of March Caesar (Calcium, Einsteinium, Argon)
65%
Civil rights activist known for actions in the Montgomery bus boycott Parks (Phosphorus, Argon, Potassium, Sulfur)
57%
Either of Audrey or Katherine, iconic 20th century actresses Hepburn (Helium, Lead, Uranium, Radon)
55%
English writer of Pride and Prejudice & Emma Austen (Gold, Sulfur, Tellurium, Nitrogen)
54%
Indian non-violent independence activist Gandhi (Gallium, Neodymium, Hydrogen, Iodine)
54%
"Queen" singer-songwriter, member of Destiny's Child Beyoncé (Beryllium, Yttrium, Oxygen, Nitrogen, Cerium)
50%
Nickname for two-time and current president of Brazil Lula (Lutetium, Lanthanum)
50%
Polish astronomer, proponent of heliocentrism Copernicus (Cobalt, Phosphorus, Erbium, Nickel, Copper, Sulfur)
46%
English philosopher, writer of Utopia More (Molybdenum, Rhenium)
46%
"Sucky" 31st US president during the Great Depression Hoover (Holmium, Oxygen, Vanadium, Erbium)
39%
First pope from South America Francis (Fluorine, Radium, Nitrogen, Carbon, Iodine, Sulfur)
36%
Prussian/German "Iron" Chancellor (*"von" optional) von Bismarck ([Vanadium, Oxygen, Nitrogen,] Bismuth, Samarium, Argon, Carbon, Potassium)
30%
Dutch football legend, creator of "totalvoetball" Cruyff (Carbon, Ruthenium, Yttrium, Fluorine, Fluorine)
26%
Nigerian poet & author of Things Fall Apart Achebe (Actinium, Helium, Beryllium)
24%
Soviet leader during the Bay of Pigs Crisis Khrushchev (Potassium, Hydrogen, Ruthenium, Sulfur, Hydrogen, Carbon, Helium, Vanadium)
16%
No matching quizzes found
Score Distribution
Percent of People with Each Score
Percentile by Number Answered
Your Score History
You have not taken this quiz